Հայոց եկեղեցին և նրա պատմությունը, վարդապետությունը, վարչարարությունը, ներքին կարգը, արարողությունը, գրականությունը ու ներկա կացությունը / (Record no. 507690)
[ view plain ]
| 000 -LEADER | |
|---|---|
| fixed length control field | 01836nam a2200301 a 4500 |
| 001 - CONTROL NUMBER | |
| control field | 1716553 |
| 003 - CONTROL NUMBER IDENTIFIER | |
| control field | AM-YEHGA |
| 005 - DATE AND TIME OF LATEST TRANSACTION | |
| control field | 20250618075907.0 |
| 008 - FIXED-LENGTH DATA ELEMENTS--GENERAL INFORMATION | |
| fixed length control field | 201217s2020 ai |o||gr|||||001|0|arm|| |
| 020 ## - INTERNATIONAL STANDARD BOOK NUMBER | |
| International Standard Book Number | 9789939850481 |
| 040 ## - CATALOGING SOURCE | |
| Original cataloging agency | AM-YeHGA |
| 041 0# - LANGUAGE CODE | |
| Language code of text/sound track or separate title | arm |
| 090 ## - LOCALLY ASSIGNED LC-TYPE CALL NUMBER (OCLC); LOCAL CALL NUMBER (RLIN) | |
| -- | 511118 |
| 100 1# - MAIN ENTRY--PERSONAL NAME | |
| Personal name | Օրմանյան, Մաղաքիա |
| Titles and words associated with a name | արքեպիսկոպոս, |
| Dates associated with a name | 1841-1918 |
| 9 (RLIN) | 1548 |
| 245 10 - TITLE STATEMENT | |
| Title | Հայոց եկեղեցին և նրա պատմությունը, վարդապետությունը, վարչարարությունը, ներքին կարգը, արարողությունը, գրականությունը ու ներկա կացությունը / |
| Statement of responsibility, etc. | Մաղաքիա Արք. Օրմանյան ; Խմբ.՝ Խ. Գրիգորյան, Զ. Գրիգորյան ; Ծանոթագր.՝ Ղ. քհն. Մայիլյան ; Արևմտահայերենից արևելահայերեն փոխադրում՝ Թ. Վարդանյան. |
| 250 ## - EDITION STATEMENT | |
| Edition statement | Երկրորդ, վերանայված հրատարակություն. |
| 260 ## - PUBLICATION, DISTRIBUTION, ETC. | |
| Place of publication, distribution, etc. | Երևան : |
| Name of publisher, distributor, etc. | Անկյունաքար, |
| Date of publication, distribution, etc. | 2020. |
| 300 ## - PHYSICAL DESCRIPTION | |
| Extent | 314 էջ + 8 ներդիր թ. : |
| Other physical details | լուսանկար ; |
| Dimensions | 21 սմ. |
| 500 ## - GENERAL NOTE | |
| General note | Տիտղոսաթերթից առաջ՝ 1911 թ. հրատարակության տիտղոսաթերթը: |
| 504 ## - BIBLIOGRAPHY, ETC. NOTE | |
| Bibliography, etc. note | Տողատակում՝ մատենագիտական ծանոթագրություններ: |
| 525 ## - SUPPLEMENT NOTE | |
| Supplement note | Հավելված՝ էջ 270-310: |
| 610 24 - SUBJECT ADDED ENTRY--CORPORATE NAME | |
| Corporate name or jurisdiction name as entry element | Հայաստանյայց Առաքելական Սուրբ Եկեղեցի |
| General subdivision | Պատմություն |
| 700 1# - ADDED ENTRY--PERSONAL NAME | |
| Personal name | Գրիգորյան, Խաչիկ |
| Relator term | խմբագիր |
| Relationship | edt |
| 700 1# - ADDED ENTRY--PERSONAL NAME | |
| Personal name | Գրիգորյան, Զ. |
| Relator term | խմբագիր |
| Relationship | edt |
| 700 1# - ADDED ENTRY--PERSONAL NAME | |
| Personal name | Մայիլյան, Ղեւոնդ |
| Relator term | ծանոթագրող |
| Relationship | cmm |
| Titles and other words associated with a name | քհն |
| 700 1# - ADDED ENTRY--PERSONAL NAME | |
| Personal name | Վարդանյան, Թ. |
| Relator term | փոխադրող |
| Relationship | trl |
| Relator term | ծանոթագրող |
| Relationship | cmm |
| 942 ## - ADDED ENTRY ELEMENTS (KOHA) | |
| Source of classification or shelving scheme | Universal Decimal Classification |
| Koha item type | Գրքեր / Books |
| Withdrawn status | Lost status | Source of classification or shelving scheme | Damaged status | Not for loan | Collection | Home library | Current library | Date acquired | Total checkouts | Full call number | Barcode | Date last seen | Price effective from | Koha item type | Public note |
|---|---|---|---|---|---|---|---|---|---|---|---|---|---|---|---|
| Universal Decimal Classification | General | Fundamental Scientific Library | Fundamental Scientific Library | 05/05/2021 | AII/107310 | FL0647315 | 05/05/2021 | 05/05/2021 | Գրքեր / Books | 30 Days Loan | |||||
| Universal Decimal Classification | General | Fundamental Scientific Library | Fundamental Scientific Library | 05/05/2021 | AII/107311 | FL0647316 | 05/05/2021 | 05/05/2021 | Գրքեր / Books | 30 Days Loan |
ՀՀ Գիտությունների ազգային ակադեմիայի հիմնարար գիտական գրադարան = Fundamental Scientific Library of NAS RA
All site content, except where otherwise noted, is licensed under a